000 00508nam a2200181Ia 4500
999 _c29068
_d29068
003 OSt
005 20201214142333.0
008 190216s9999||||xx |||||||||||||| ||und||
020 _a9788124017265
040 _coclc
082 _a894.8124
_bKUL/K
100 _aKulathakkal, Sunny
_97185
245 0 _aKaalppadukal /
_cSunny Kulathakkal
260 _bCurrent Books,
_aKottayam:
_c2007.
300 _a215p
650 _aLekhanam
942 _cBK
_2ddc
_h894.8124
_iKUL/K
_k894.8124
_mKUL/K